Sports Quiz

Random Sports or NFL Quiz

NFL Top 100 Yards from Scrimmage Quiz Stats

 Plays Quiz not verified by Sporcle

Support Sporcle.
Go Orange.
Score 0/100 Timer 12:00
0 Plays Today
Yards Player % Correct
21,579**Emmitt Smith
98.3%
12,286Jimmy Smith
98.2%
11,737Rod Smith
98.1%
9,188*Steve Smith
98.1%
23,540**Jerry Rice
97.4%
18,190**Barry Sanders
95.9%
17,727*LaDanian Tomlinson
94.9%
21,264**Walter Payton
94.9%
19,154**Marshall Faulk
93.5%
14,811**Jim Brown
90%
15,124Tim Brown
90%
17,430Curtis Martin
88.3%
10,958*Chad Ochocinco
87.5%
10,662Keyshawn Johnson
86.5%
9,210*Andre Johnson
86.5%
15,632Tiki Barber
85.6%
15,017*Randy Moss
85.3%
16,532**Thurman Thomas
84.7%
10,618*Steven Jackson
84.3%
10,553Harold Jackson
84.3%
15,610Edgerrin James
84.2%
14,407**Franco Harris
83.9%
14,608Marvin Harrison
83.4%
15,111Jerome Bettis
83.3%
17,654**Marcus Allen
83.1%
10,215Terry Allen
83%
15,396**Eric Dickerson
82.3%
13,439Torry Holt
81.7%
10,973Shaun Alexander
81.5%
15,347Isaac Bruce
80.6%
14,079*Fred Taylor
79.3%
16,185*Terrell Owens
79.3%
10,598**Charley Taylor
79.3%
10,353**Jim Taylor
79.3%
Yards Player % Correct
11,910**Michael Irvin
79.2%
12,093*Thomas Jones
78.2%
10,748*Reggie Wayne
76.6%
12,088Ahman Green
75.7%
12,088*Ricky Williams
73.3%
9,662John L. Williams
73.2%
12,486Jamal Lewis
72.7%
12,477*Tony Gonzalez
70.5%
13,378**O.J. Simpson
70.2%
12,130*Hines Ward
69.5%
13,940Cris Carter
69.1%
16,293**Tony Dorsett
68.6%
12,668Eddie George
67.2%
13,335Ottis Anderson
66.4%
11,941*Clinton Portis
65.4%
15,306Warrick Dunn
65.4%
13,698Andre Reed
64.2%
13,154Corey Dillon
63.7%
13,172**Steve Largent
63.5%
13,442**John Riggins
63.4%
11,134Priest Holmes
62.7%
9,832*Donald Driver
62.6%
10,275*Brian Westbrook
60.9%
10,069**Shannon Sharpe
59.6%
9,546Stephen Davis
59.3%
13,100Roger Craig
57.3%
10,213**Earl Campbell
57.2%
11,894*Derrick Mason
55.1%
14,891Ricky Watters
52.5%
13,053**Art Monk
52.2%
10,910Gary Clark
50.1%
13,084Herschel Walker
43.9%
11,502Muhsin Muhammad
42%
11,213**Lenny Moore
38.1%
Yards Player % Correct
9,174Herman Moore
38.1%
9,376Rob Moore
38.1%
11,393Keenan McCardell
36%
10,031Garrison Hearst
34.5%
9,607Amani Toomer
34.3%
9,704Gerald Riggs
34.1%
14,250**James Lofton
33.2%
10,228Andre Rison
32.7%
10,395**Lance Alworth
31.2%
10,158Eric Moulds
29.6%
12,866Earnest Byner
29.1%
13,027Irving Fryar
28.2%
11,446*Joey Galloway
28.2%
11,904**Don Maynard
27.7%
9,850Drew Hill
27.5%
9,631Chris Warren
26.2%
11,583James Brooks
25.5%
13,827Henry Ellard
24.8%
12,168**Charlie Joiner
22.7%
9,275**Raymond Berry
22.2%
11,035Freeman McNeil
21.2%
9,555**Leroy Kelly
20.4%
10,689**Bobby Mitchell
20.2%
9,737Lydell Mitchell
20.2%
10,808Charlie Garner
19.8%
9,508James Wilder
19.1%
10,843Stanley Morgan
18.9%
11,744**Joe Perry
18.8%
9,291Wilbert Montgomery
18%
9,279Anthony Miller
15.4%
9,238Mike Pruitt
10.3%
9,139Michael Pittman
10.1%

You're not logged in!

Compare scores with friends on all Sporcle quizzes.
OR
Log In

From the Vault

Disney Princess Consonants

by Flick

Father carries a giant trident. Amazed by a simple fork.
Remove Ads.
Support Sporcle.
Get the best of Sporcle when you Go Orange. This ad-free experience offers more features, more stats, and more fun while also helping to support Sporcle. Thank you for becoming a member.

Show Comments

Extras

Top Quizzes Today


Score Distribution

Your Account Isn't Verified!

In order to create a playlist on Sporcle, you need to verify the email address you used during registration. Go to your Sporcle Settings to finish the process.

Report this User

Report this user for behavior that violates our Community Guidelines.

Details: